Inovácie a zmeny v platobných službách v Slovenskej republike po implementácii smernice PSD 2 diplomová práca

Saved in:
Bibliographic Details
Main Author: Záchenská, Monika
Corporate Author: Národohospodárska fakulta EU. Katedra bankovníctva a medzinárodných financií
Other Authors: Šturc, Boris, 1961-
Format: Book
Language:Slovak
Published: Bratislava 2020
Tags: Add Tag
No Tags, Be the first to tag this record!

MARC

LEADER 00000nbm a2200000 4500
001 0264390
005 20200807101832.4
041 0 |a slo 
044 |a SK 
245 1 0 |a Inovácie a zmeny v platobných službách v Slovenskej republike po implementácii smernice PSD 2  |b diplomová práca  |c Monika Záchenská ; školiteľ: Boris Šturc 
264 1 |a Bratislava  |c 2020 
300 |a 69 s. 
100 1 |a Záchenská, Monika 
700 1 |a Šturc, Boris, 1961- 
710 2 |a Národohospodárska fakulta EU. Katedra bankovníctva a medzinárodných financií